000 00911nac a22003017a 4500
001 BR9301608
003 BR-BrBNA
005 20240105121447.0
008 230509b bl.|||m| |||| 00| 0 por d
040 _aBR-BrBNA
_bpor
_cBiblioteca Nacional de Agricultura
072 _aL01; F01
090 _a7600 BR9301608
100 1 _aTinoco, S.T.J.
100 1 _aAlmeida, R.A.C. de
110 1 _aCoordenadoria de Assistencia Tecnica Integral, Campinas, SP (Brasil)
245 1 _aManual de sericicultura
260 3 _aCampinas, SP (Brasil):
_c1992.
300 _a59 p.
490 _aManual - Coordenadoria de Assistencia Tecnica Integral (Brazil)
_vno. 35
_x
500 _a23 illus.; 12 ref.
650 _aBicho da Seda
650 _aAmora
650 _aVariedade
650 _aBiologia Animal
650 _aComercializacao
909 _a202312
_bLúcia Elande
_c55
_dLúcia Elande
942 _2AGRIS
_n0
_cMS
999 _c285445
_d285445